| 000 | 01021nam a2200229Ia 4500 | ||
|---|---|---|---|
| 003 | GCL | ||
| 008 | 140319s9999 xx 000 0 ara d | ||
| 040 |
_aGCL / _cGCL |
||
| 082 | 0 | 4 |
_a922.1 _bع ا |
| 100 | 1 | _aابن عبدالبر القرطبى : جمال الدين ابوعمر يوسف بن عبدالله بن محمد بن عبدالبر بن عاصم النمرى المالكى | |
| 245 | 1 | 0 |
_aالاستيعاب فى معرفةالأصحاب / _cابن عبدالبر القرطبى : جمال الدين ابوعمر يوسف بن عبدالله بن محمد بن عبدالبر بن عاصم النمرى المالكى |
| 700 | 1 | _aعلى محمد البجاوى | |
| 260 |
_aبيروت : _bدار الجيل ، _c1992 |
||
| 300 |
_a4 مج ؛ _c24 سم |
||
| 490 | _a | ||
| 650 | 0 | 4 | _aالتراجم |
| 650 | 0 | 4 | _aالانساب العربية |
| 650 | 0 | 4 | _aالصحابة |
| 650 | 0 | 4 | _aالاسلام - تراجم |
| 650 | 0 | 4 | _aالصحابة والتابعون - تراجم |
| 942 |
_2ddc _cBK |
||
| 999 |
_c50650 _d50650 |
||